|
|
|
|
| LEADER |
00000naa a2200000 u 4500 |
| 001 |
PL0053657 |
| 003 |
PLI01000000000000000053339 |
| 005 |
00000000000000.0 |
| 008 |
||| u |
| 100 |
1 |
|
|a Delano Smith, Catherine
|
| 245 |
0 |
0 |
|a Cartography in the Prehistoric Period in the Old Worlds
|b Europe, the Middle East and North Africa
|c Catherine Delano Smith
|
| 260 |
|
|
|c 1987
|
| 696 |
|
|
|a Smith, Catherine Delano
|
| 773 |
0 |
8 |
|t The history of cartography
|a J.B. Harley and David Woodward
|d Chicago [etc.]
|g P. 54-101
|w MPIPL_cat.PL0053653
|z 0-226-31633-5
|i In:
|
| 952 |
|
|
|h P. 54-101
|
| 996 |
|
|
|a Aufsatz
|
| 997 |
|
|
|a book chapter
|